000 00415nam a2200133Ia 4500
008 151001s9999||||xx |||||||||||||| ||und||
100 _aकवी घनश्याम
245 _aतुमचा भाग्योदय तुमच्या हातात
250 _a1
260 _bउत्कर्ष प्रकाशन पुणे
260 _c2006
300 _a86
365 _b21
999 _c988290
_d988287